[Event "Stuttgarter Stadtmeisterschaft 2010 B"]
[Site "Ditzingen"]
[Date "2010.05.16"]
[Round "7.20"]
[White "Wezel, Sebastian"]
[Black "Keller, Marcel"]
[Result "1-0"]
[WhiteElo "1793"]
[BlackElo "1552"]
[PlyCount "79"]
[EventDate "2010.??.??"]
[WhiteTeam "SV Dettingen Erms"]
[BlackTeam "SSV Zuffenhausen"]

1. e4 d6 2. d4 g6 3. Nc3 Bg7 4. Be3 Nf6 5. f3 O-O 6. Qd2 Nbd7 7. O-O-O e5 8. h4
exd4 9. Bxd4 h5 10. g4 Nb6 11. g5 Ne8 12. Nh3 Bxd4 13. Qxd4 Ng7 14. Qd2 Be6 15.
Nf4 Bc4 16. Qf2 Ne6 17. Bxc4 Nxc4 18. Nfd5 Ne5 19. Nf6+ Kg7 20. f4 Nd7 21. Ncd5
c6 22. Nxd7 Qxd7 23. Nf6 Qe7 24. f5 Nc5 25. Nxh5+ Kh7 26. Nf6+ Kg7 27. h5 Rh8
28. h6+ Kf8 29. Qd4 Qe5 30. Qxd6+ Qxd6 31. Rxd6 Ke7 32. Rhd1 a5 33. b3 Rac8 34.
a3 Ra8 35. Kb2 Ra6 36. Rd8 Ra8 37. Rxa8 Rxa8 38. b4 axb4 39. axb4 Nxe4 40. Rd7+
1-0

[Event "Stuttgarter Stadtmeisterschaft 2010 B"]
[Site "Ditzingen"]
[Date "2010.05.16"]
[Round "7.21"]
[White "Uhlarz, Jörg"]
[Black "Vogel, Karlheinz"]
[Result "1-0"]
[WhiteElo "1792"]
[BlackElo "1408"]
[PlyCount "119"]
[EventDate "2010.??.??"]

1. d4 f5 2. c4 g6 3. Nc3 Bg7 4. Nf3 Nf6 5. g3 O-O 6. Bg2 d6 7. O-O Re8 8. Qb3
c6 9. Rd1 Qb6 10. Qc2 e5 11. c5 dxc5 12. dxe5 Ng4 13. Na4 Qc7 14. Nxc5 Nxe5 15.
Ng5 b6 16. Qb3+ Kh8 17. Nce6 Bxe6 18. Nxe6 Qe7 19. Nxg7 Kxg7 20. h3 Nbd7 21.
Bd2 Nc5 22. Qe3 Rac8 23. Rac1 Nf7 24. Qa3 Ne4 25. Qa6 Nxd2 26. Rxd2 c5 27. b4
Rcd8 28. Rxd8 Rxd8 29. bxc5 bxc5 30. Rb1 Nd6 31. Rb3 Ne4 32. Re3 Rd1+ 33. Kh2
Rd4 34. Qc6 c4 35. a4 Rd6 36. Qxc4 Re6 37. Qd4+ Kf7 38. Rb3 Rd6 39. Qc3 Re6 40.
a5 Nf6 41. Qd3 Rd6 42. Qc4+ Kg7 43. Rb7 Rd7 44. a6 Qd6 45. Qc8 Kf7 46. Bc6 Re7
47. Qa8 Qc5 48. e3 Ke6 49. Rxe7+ Kxe7 50. Qb7+ Kd6 51. Bg2 Qc7 52. Qb2 Nd7 53.
Bb7 Nc5 54. Qd4+ Ke7 55. h4 Ke6 56. Kh3 Qd6 57. Qg7 Qe7 58. Qg8+ Kd6 59. Qd5+
Kc7 60. Qc6+ 1-0

[Event "Stuttgarter Stadtmeisterschaft 2010 B"]
[Site "Ditzingen"]
[Date "2010.05.16"]
[Round "7.22"]
[White "Parvin, Shahram"]
[Black "Mainik, Andreas"]
[Result "0-1"]
[WhiteElo "1471"]
[BlackElo "1773"]
[PlyCount "60"]
[EventDate "2010.??.??"]

1. d4 Nf6 2. c4 e6 3. Bg5 d5 4. Bxf6 Qxf6 5. e3 Nd7 6. Nf3 c6 7. Qc2 Bd6 8. c5
Bc7 9. Nbd2 O-O 10. Bd3 e5 11. dxe5 Bxe5 12. Rb1 Re8 13. Bxh7+ Kh8 14. h4 d4
15. Ng5 dxe3 16. Ndf3 exf2+ 17. Kf1 b6 18. Bd3 Nxc5 19. Bc4 Bf5 20. Nxf7+ Qxf7
21. Qe2 Qxc4 22. Qxc4 Bd3+ 23. Qxd3 Nxd3 24. Rh3 Bxb2 25. Rd1 Rad8 26. g4 Nf4
27. Rxd8 Rxd8 28. Rh2 Nd3 29. Ng5 Re8 30. Nf3 Re1+ 0-1

[Event "Stuttgarter Stadtmeisterschaft 2010 B"]
[Site "Ditzingen"]
[Date "2010.05.16"]
[Round "7.23"]
[White "Sigmund, Wolfgang"]
[Black "Srokovskiy, Andrea"]
[Result "1/2-1/2"]
[WhiteElo "1421"]
[BlackElo "1726"]
[PlyCount "35"]
[EventDate "2010.??.??"]
[WhiteTeam "SC Eberbach"]
[BlackTeam "OSG Baden-Baden"]

1. d4 d5 2. c4 e6 3. Nc3 c5 4. cxd5 exd5 5. Nf3 Nf6 6. Bg5 Nc6 7. e3 Be6 8. Bb5
a6 9. Bxc6+ bxc6 10. Rc1 c4 11. O-O Be7 12. Ne5 Rc8 13. Qa4 Qb6 14. b3 cxb3 15.
Qxb3 Qxb3 16. axb3 h6 17. Bxf6 Bxf6 18. Nd3 1/2-1/2

[Event "Stuttgarter Stadtmeisterschaft 2010 B"]
[Site "Ditzingen"]
[Date "2010.05.16"]
[Round "7.24"]
[White "Lebeda, Lukas"]
[Black "Zeitler, Waldemar"]
[Result "1-0"]
[WhiteElo "1686"]
[BlackElo "1544"]
[PlyCount "104"]
[EventDate "2010.??.??"]

1. c4 Nf6 2. Nc3 e6 3. Nf3 Nc6 4. d4 d5 5. e3 Bb4 6. Bd2 Bxc3 7. Bxc3 Ne4 8.
Bd3 f5 9. O-O O-O 10. Nd2 a5 11. f3 Nxc3 12. bxc3 Ne7 13. e4 c6 14. c5 f4 15.
e5 a4 16. Rf2 Nf5 17. Nf1 Qg5 18. a3 h5 19. Bc2 h4 20. h3 Ne3 21. Nxe3 fxe3 22.
Rf1 b5 23. Qd3 Qf5 24. Rae1 Qxd3 25. Bxd3 g5 26. Rxe3 Rf4 27. Bg6 Bd7 28. Re2
Kg7 29. Bc2 Raf8 30. Ref2 Be8 31. Kh2 Bh5 32. Bd1 Kh6 33. g3 hxg3+ 34. Kxg3 Bg6
35. Bc2 Be8 36. Bd3 Bg6 37. Bxg6 Kxg6 38. Rd2 Kh5 39. Rd3 Kg6 40. Rg1 Rh8 41.
Kh2 Rfh4 42. Rg3 Kf5 43. Kg2 R8h7 44. Rd1 Rf4 45. Rg1 Rfh4 46. Kf2 R7h5 47. Rh1
Rh7 48. Kg2 Rf4 49. Rg4 Rh4 50. Kg3 Rfxg4+ 51. hxg4+ Kg6 52. Rxh4 gxh4+ 1-0

[Event "Stuttgarter Stadtmeisterschaft 2010 B"]
[Site "Ditzingen"]
[Date "2010.05.16"]
[Round "7.25"]
[White "Götzfried, Rudolf"]
[Black "Reiß, Michael"]
[Result "1/2-1/2"]
[WhiteElo "1668"]
[BlackElo "1509"]
[PlyCount "49"]
[EventDate "2010.??.??"]
[WhiteTeam "Stuttgarter SF 1879"]
[BlackTeam "SK 1926 Ettlingen"]

1. d4 Nf6 2. c4 e6 3. Nc3 Bb4 4. Qc2 O-O 5. Nf3 c6 6. Bg5 d5 7. e3 Nbd7 8. cxd5
cxd5 9. Bd3 h6 10. Bh4 b6 11. Ne5 Qc7 12. Bg3 Nxe5 13. Bxe5 Qe7 14. O-O-O Bd7
15. Kb1 Rfc8 16. f3 Bxc3 17. bxc3 b5 18. Qb3 a6 19. g4 Ne8 20. h4 Nd6 21. Bxd6
Qxd6 22. f4 a5 23. Ka1 Rcb8 24. Rb1 b4 25. Qc2 1/2-1/2

[Event "Stuttgarter Stadtmeisterschaft 2010 B"]
[Site "Ditzingen"]
[Date "2010.05.16"]
[Round "7.26"]
[White "Griesche, Veit"]
[Black "Bay, Johannes"]
[Result "0-1"]
[WhiteElo "1302"]
[BlackElo "1650"]
[PlyCount "40"]
[EventDate "2010.??.??"]

1. Nf3 b6 2. d4 Bb7 3. e3 Nf6 4. c4 e6 5. a3 Be7 6. Nc3 O-O 7. Be2 d5 8. cxd5
Nxd5 9. Qc2 Nd7 10. e4 Nxc3 11. bxc3 c5 12. Be3 Rc8 13. Qd3 cxd4 14. cxd4 Nf6
15. Nd2 Qc7 16. O-O Qc3 17. a4 Qxd3 18. Bxd3 Rc3 19. Bb5 Nxe4 20. Nc4 a6 0-1

[Event "Stuttgarter Stadtmeisterschaft 2010 B"]
[Site "Ditzingen"]
[Date "2010.05.16"]
[Round "7.27"]
[White "Hengster, Pascal"]
[Black "Felser, Martin"]
[Result "0-1"]
[WhiteElo "1514"]
[BlackElo "1894"]
[PlyCount "40"]
[EventDate "2010.??.??"]

1. d4 d6 2. Nf3 g6 3. Bg5 Bg7 4. e4 Nd7 5. Bb5 c6 6. Ba4 Ngf6 7. Nbd2 e5 8. c3
O-O 9. h4 h6 10. Bxf6 Nxf6 11. dxe5 dxe5 12. Nxe5 Qe7 13. f4 Rd8 14. Qe2 Nh5
15. Nd3 Ng3 16. Qf3 Nxh1 17. O-O-O Qxh4 18. f5 Qg3 19. fxg6 Qxf3 20. Nxf3 Be6
0-1

[Event "Stuttgarter Stadtmeisterschaft 2010 B"]
[Site "Ditzingen"]
[Date "2010.05.16"]
[Round "7.28"]
[White "Helmbrecht, Kurt"]
[Black "Michna, Marcus"]
[Result "1/2-1/2"]
[WhiteElo "1627"]
[BlackElo "1857"]
[PlyCount "42"]
[EventDate "2010.??.??"]

1. e4 e6 2. Nf3 d5 3. exd5 exd5 4. d4 Bd6 5. Be2 Ne7 6. O-O Bg4 7. Re1 O-O 8.
Bg5 f6 9. Bh4 c6 10. Nbd2 Nd7 11. a3 Re8 12. b4 Nf5 13. Bg3 Nf8 14. Nb3 Bxg3
15. hxg3 Nd6 16. Nfd2 Rxe2 17. Rxe2 Bxe2 18. Qxe2 Qe8 19. Re1 Qxe2 20. Rxe2 Kf7
21. a4 Re8 1/2-1/2

[Event "Stuttgarter Stadtmeisterschaft 2010 B"]
[Site "Ditzingen"]
[Date "2010.05.16"]
[Round "7.29"]
[White "Drapchin, Marc"]
[Black "Pfeilsticker, Thorsten"]
[Result "1-0"]
[WhiteElo "1830"]
[BlackElo "1635"]
[PlyCount "85"]
[EventDate "2010.??.??"]

1. e4 a6 2. Bc4 e6 3. Nf3 b5 4. Bb3 Bb7 5. d3 Nf6 6. O-O c5 7. Re1 Be7 8. a4
O-O 9. axb5 axb5 10. Rxa8 Bxa8 11. Na3 Bc6 12. Ne5 Qc7 13. Bf4 d6 14. Nxc6 Qxc6
15. c4 b4 16. Nb5 Nbd7 17. Ba4 Ra8 18. b3 e5 19. Bg5 Nb6 20. Qc2 h6 21. Bh4 g5
22. Bg3 Nxa4 23. bxa4 Ra5 24. Ra1 Nd7 25. Qe2 Qa8 26. h4 Qf8 27. hxg5 Bxg5 28.
f4 exf4 29. Bxf4 Qg7 30. Rf1 Bxf4 31. Rxf4 Kh7 32. Qf2 Qa1+ 33. Kh2 Qe5 34. g3
f6 35. Rf5 Qe7 36. Rd5 Rxa4 37. Rxd6 Ne5 38. Qf5+ Kg7 39. Nc7 Nf3+ 40. Qxf3
Qxc7 41. Qxf6+ Kh7 42. Qxh6+ Kg8 43. Rg6+ 1-0

[Event "Stuttgarter Stadtmeisterschaft 2010 B"]
[Site "Ditzingen"]
[Date "2010.05.16"]
[Round "7.30"]
[White "Giugno, Carmelo"]
[Black "Hennig, Jan"]
[Result "1-0"]
[WhiteElo "1506"]
[BlackElo "1783"]
[PlyCount "51"]
[EventDate "2010.??.??"]

1. d4 Nf6 2. c4 g6 3. Nc3 Bg7 4. Nf3 O-O 5. Bg5 c6 6. Qd2 d6 7. Bh6 Bg4 8. Bxg7
Kxg7 9. Ng5 d5 10. h3 Be6 11. c5 b6 12. b4 a5 13. cxb6 axb4 14. b7 bxc3 15.
bxa8=Q cxd2+ 16. Kxd2 Ne4+ 17. Nxe4 dxe4 18. e3 Qb6 19. Qa3 Rd8 20. Be2 c5 21.
Rhb1 Qc7 22. Rc1 c4 23. Qc3 Qh2 24. Ke1 Qg1+ 25. Bf1 Kf8 26. d5 1-0

[Event "Stuttgarter Stadtmeisterschaft 2010 B"]
[Site "Ditzingen"]
[Date "2010.05.16"]
[Round "7.31"]
[White "Zaytsev, Evgeny"]
[Black "Wendland, Tobias"]
[Result "1/2-1/2"]
[WhiteElo "1775"]
[BlackElo "1630"]
[PlyCount "47"]
[EventDate "2010.??.??"]

1. e4 e6 2. d4 d5 3. Nd2 Nf6 4. e5 Nfd7 5. Qg4 g6 6. Ngf3 Bg7 7. h4 h6 8. Bd3
Nf8 9. Nb3 b6 10. Bd2 Bb7 11. Bb4 Nbd7 12. O-O-O Qc8 13. h5 g5 14. Nxg5 hxg5
15. h6 Bxe5 16. dxe5 c5 17. Qxg5 cxb4 18. Qg7 Nc5 19. Qxh8 Nxd3+ 20. Rxd3 a5
21. h7 Kd7 22. Qg7 Nxh7 23. Qxf7+ Kc6 24. Rxh7 1/2-1/2

[Event "Stuttgarter Stadtmeisterschaft 2010 B"]
[Site "Ditzingen"]
[Date "2010.05.16"]
[Round "7.32"]
[White "Wang, Julia"]
[Black "Steimbach, Isabel"]
[Result "0-1"]
[WhiteElo "1722"]
[BlackElo "1543"]
[PlyCount "141"]
[EventDate "2010.??.??"]

1. e4 e5 2. f4 exf4 3. Nf3 Nf6 4. e5 Nh5 5. Bc4 d5 6. exd6 Bxd6 7. O-O O-O 8.
d4 Qf6 9. Nc3 Bf5 10. Nb5 Nc6 11. c3 Bg6 12. Nxd6 Qxd6 13. Nh4 Ne7 14. Qg4 Nf6
15. Qxf4 Qxf4 16. Bxf4 Rfe8 17. Nxg6 hxg6 18. Be5 Ned5 19. Rf3 Re7 20. Raf1 c6
21. Bd3 Rd8 22. Bb1 b5 23. b3 Ng4 24. c4 Nb4 25. h3 Nxe5 26. dxe5 Rdd7 27. a3
Na6 28. cxb5 cxb5 29. Re3 f6 30. e6 Rd6 31. Bxg6 Rexe6 32. Rc1 Kf8 33. Rc8+ Ke7
34. Re8+ Kd7 35. Bf5 Kxe8 36. Bxe6 Rd1+ 37. Kh2 Kd8 38. Bf7 Nc7 39. Rg3 g5 40.
Rf3 Ke7 41. Bg6 Rd5 42. Rc3 Kd6 43. Be4 Rc5 44. Rf3 Ke7 45. Kg3 Ke6 46. Kg4 Nd5
47. Bf5+ Ke5 48. Bg6 Nf4 49. Re3+ Kd4 50. Re4+ Kd5 51. Rxf4 gxf4 52. Kxf4 Rc1
53. Bf7+ Kd4 54. Kf5 Rf1+ 55. Kg4 f5+ 56. Kg3 f4+ 57. Kg4 Rf2 58. Be6 Ke5 59.
Bd7 Rxg2+ 60. Kf3 Rg3+ 61. Kf2 Rxb3 62. h4 Rxa3 63. h5 Ra2+ 64. Ke1 f3 65. Bxb5
Rh2 66. Bc6 Kf4 67. Kf1 Kg3 68. Bxf3 Kxf3 69. Kg1 Ra2 70. h6 Kg3 71. Kf1 0-1

[Event "Stuttgarter Stadtmeisterschaft 2010 B"]
[Site "Ditzingen"]
[Date "2010.05.16"]
[Round "7.33"]
[White "Knolmayer, Volker"]
[Black "Wendland, Viktor"]
[Result "1-0"]
[WhiteElo "1714"]
[BlackElo "1588"]
[PlyCount "167"]
[EventDate "2010.??.??"]

1. e4 e6 2. Be2 d5 3. exd5 exd5 4. Nf3 Nf6 5. O-O c5 6. d4 b6 7. c4 Bb7 8. cxd5
Bxd5 9. Bb5+ Bc6 10. Re1+ Be7 11. Bxc6+ Nxc6 12. dxc5 Qxd1 13. Rxd1 Bxc5 14.
Nc3 O-O 15. Bg5 Be7 16. Rac1 Rad8 17. a3 Nd7 18. Bxe7 Nxe7 19. Nb5 a5 20. h3
Nc5 21. Nfd4 h6 22. Nc3 Rd6 23. Ndb5 Rg6 24. Nd5 Nc8 25. b4 axb4 26. axb4 Rc6
27. bxc5 bxc5 28. Nbc3 Kh8 29. Nf4 Nb6 30. Ne4 c4 31. Rd6 Rfc8 32. Rxc6 Rxc6
33. Nc3 g5 34. Nfd5 Nd7 35. Re1 Kg7 36. Re7 Rd6 37. Re4 Rc6 38. Ne3 Nb6 39.
Nf5+ Kf8 40. Rd4 Ke8 41. Kf1 h5 42. Ng7+ Ke7 43. Nxh5 Ke6 44. Ke2 f5 45. Ng3
Ke5 46. Rd2 Nc8 47. Rd5+ Ke6 48. Nxf5 Rc7 49. Nd4+ Kf6 50. Rf5+ Kg6 51. Rxg5+
Kf6 52. Rf5+ Kg6 53. Re5 Rd7 54. Ke3 Nd6 55. Rd5 Re7+ 56. Kd2 Nf7 57. Rc5 Ne5
58. f4 Nd3 59. f5+ Kf7 60. Rxc4 Nf4 61. g4 Nxh3 62. Ne6 Ra7 63. Ke2 Ra1 64. Kf3
Ng1+ 65. Kg2 Kf6 66. Re4 Kf7 67. Nd5 Ra5 68. Kxg1 Rxd5 69. Kf2 Kf6 70. Kf3 Rd3+
71. Kf4 Rd1 72. g5+ Kf7 73. Ke5 Rg1 74. g6+ Kg8 75. Kf6 Ra1 76. Nc5 Ra8 77. Nd7
Rd8 78. Ke7 Ra8 79. f6 Rc8 80. f7+ Kg7 81. f8=Q+ Rxf8 82. Nxf8 Kg8 83. Kf6 Kxf8
84. g7+ 1-0

[Event "Stuttgarter Stadtmeisterschaft 2010 B"]
[Site "Ditzingen"]
[Date "2010.05.16"]
[Round "7.34"]
[White "Steinmassl, Guido"]
[Black "Mejerski, Stephan"]
[Result "1/2-1/2"]
[WhiteElo "1550"]
[BlackElo "1635"]
[PlyCount "38"]
[EventDate "2010.??.??"]
[WhiteTeam "SK e4 Gerlingen"]
[BlackTeam "SK Schmiden/Cannstatt"]

1. Nf3 c5 2. c4 Nc6 3. g3 d6 4. Bg2 Nf6 5. Nc3 Bd7 6. d4 cxd4 7. Nxd4 e5 8.
Nxc6 Bxc6 9. e4 Be7 10. O-O O-O 11. Be3 Bd7 12. f3 a6 13. Qe2 Rc8 14. Rfd1 Be6
15. Nd5 Nxd5 16. cxd5 Bd7 17. Qd2 f5 18. Rac1 Rxc1 19. Qxc1 fxe4 1/2-1/2

[Event "Stuttgarter Stadtmeisterschaft 2010 B"]
[Site "Ditzingen"]
[Date "2010.05.16"]
[Round "7.35"]
[White "Dallinger, Moritz"]
[Black "Herbst, Rudolf"]
[Result "0-1"]
[WhiteElo "1418"]
[BlackElo "1765"]
[PlyCount "88"]
[EventDate "2010.??.??"]

1. e4 c6 2. e5 d5 3. d4 Bf5 4. Bd3 Bxd3 5. Qxd3 e6 6. Nf3 Nd7 7. Bf4 c5 8. c3
cxd4 9. cxd4 Bb4+ 10. Nc3 Ne7 11. O-O Ng6 12. Bg3 Bxc3 13. Qxc3 O-O 14. Rac1
Rc8 15. Qe3 Rc6 16. Rc3 Qb6 17. Rb3 Qc7 18. Rc3 Rc8 19. Rxc6 Qxc6 20. h3 Qc2
21. Qb3 Qxb3 22. axb3 Rc2 23. Rb1 Ne7 24. Ne1 Rd2 25. Nf3 Rd3 26. Rc1 Nc6 27.
Kf1 Rxb3 28. Rc2 Nb6 29. Bf4 Nc4 30. Bc1 Nb4 31. Re2 Nd3 32. Nd2 Nxd2+ 33. Rxd2
Nxc1 34. Rc2 g6 35. Rxc1 Rxb2 36. Rc8+ Kg7 37. Rc3 a5 38. Ra3 b6 39. f3 Rb4 40.
Rd3 a4 41. Ke2 Rb2+ 42. Kf1 b5 43. g4 b4 44. Ke1 a3 0-1

[Event "Stuttgarter Stadtmeisterschaft 2010 B"]
[Site "Ditzingen"]
[Date "2010.05.16"]
[Round "7.36"]
[White "Schmitz, Harald"]
[Black "Dölker, Kai"]
[Result "1-0"]
[WhiteElo "1741"]
[BlackElo "1540"]
[PlyCount "105"]
[EventDate "2010.??.??"]

1. e4 c5 2. c3 e6 3. d4 cxd4 4. cxd4 d5 5. e5 Bb4+ 6. Bd2 Bxd2+ 7. Qxd2 Nc6 8.
Nc3 Nge7 9. Bb5 Bd7 10. Nge2 O-O 11. O-O Qb6 12. Rfc1 Rfc8 13. Bxc6 Bxc6 14.
Rc2 Rc7 15. Rac1 Rac8 16. b3 Qa6 17. Nf4 Bb5 18. Nxb5 Rxc2 19. Rxc2 Qxb5 20.
Rxc8+ Nxc8 21. Qc2 Qc6 22. Qxc6 bxc6 23. Nd3 Ne7 24. Ne1 f6 25. f4 Kf7 26. Kf2
Kg6 27. g3 Kf5 28. Kf3 g5 29. g4+ Kg6 30. fxg5 fxe5 31. dxe5 Kxg5 32. Nd3 Ng6
33. Kg3 h6 34. h3 Nf8 35. Nf4 h5 36. h4+ Kh6 37. g5+ Kh7 38. Nxh5 Kg6 39. Kg4
Nd7 40. Nf4+ Kf7 41. Nd3 c5 42. h5 c4 43. g6+ Kg8 44. bxc4 dxc4 45. Nc1 Nxe5+
46. Kg5 Nd7 47. h6 Nf8 48. Kf6 e5 49. h7+ Nxh7+ 50. gxh7+ Kxh7 51. Kxe5 c3 52.
Kd4 c2 53. Kc3 1-0

[Event "Stuttgarter Stadtmeisterschaft 2010 B"]
[Site "Ditzingen"]
[Date "2010.05.16"]
[Round "7.37"]
[White "Herkommer, Andreas"]
[Black "Gheng, Hannelore"]
[Result "1/2-1/2"]
[WhiteElo "1501"]
[BlackElo "1692"]
[PlyCount "53"]
[EventDate "2010.??.??"]

1. e4 c5 2. Nf3 d6 3. d4 cxd4 4. Nxd4 Nf6 5. Nc3 g6 6. Bb5+ Nbd7 7. O-O Bg7 8.
h3 O-O 9. Bxd7 Bxd7 10. Be3 Qc8 11. Nf3 Nh5 12. Qd2 f5 13. Bh6 fxe4 14. Nxe4
Bxh3 15. Bxg7 Kxg7 16. Nd4 Bf5 17. Nxf5+ Qxf5 18. Qc3+ Kg8 19. Qb3+ d5 20. Ng3
Nxg3 21. fxg3 Qd7 22. Rae1 Rxf1+ 23. Rxf1 Rf8 24. Rxf8+ Kxf8 25. Qc3 e5 26.
Qxe5 Kf7 27. Qf4+ 1/2-1/2

[Event "Stuttgarter Stadtmeisterschaft 2010 B"]
[Site "Ditzingen"]
[Date "2010.05.16"]
[Round "7.38"]
[White "Kanz, Edwin"]
[Black "Weisensel, Wolfgang"]
[Result "1-0"]
[WhiteElo "1414"]
[BlackElo "1685"]
[PlyCount "36"]
[EventDate "2010.??.??"]

1. d4 Nf6 2. Nf3 e6 3. e3 c5 4. Bd3 Nc6 5. a3 d5 6. b3 a6 7. Nbd2 cxd4 8. exd4
Bd6 9. Bb2 O-O 10. Ne5 Qc7 11. f4 Bd7 12. O-O Rac8 13. Qe1 Qb6 14. Ndf3 Rfd8
15. h3 h6 16. Kh2 Ne8 17. Qh4 Be7 18. Qh5 Bf6 1-0

[Event "Stuttgarter Stadtmeisterschaft 2010 B"]
[Site "Ditzingen"]
[Date "2010.05.16"]
[Round "7.39"]
[White "Grunow, Carmen"]
[Black "Kean, Christopher"]
[Result "1-0"]
[WhiteElo "1418"]
[BlackElo "1661"]
[PlyCount "118"]
[EventDate "2010.??.??"]

1. e4 g6 2. Nf3 Bg7 3. d4 d6 4. Nc3 a6 5. Be3 b5 6. a3 Bb7 7. Qd2 Nd7 8. Bd3 c5
9. dxc5 Nxc5 10. Rb1 Nf6 11. Bh6 O-O 12. Bxg7 Kxg7 13. Qe2 Nxd3+ 14. Qxd3 Rc8
15. O-O Qb6 16. e5 dxe5 17. Nxe5 Rfd8 18. Qe2 Nd5 19. Nxd5 Bxd5 20. c3 Qe6 21.
Rfe1 f6 22. Nf3 Qxe2 23. Rxe2 e5 24. Rbe1 Bxf3 25. gxf3 Kh6 26. Rc2 Rd3 27. Re3
Rxe3 28. fxe3 Rd8 29. Kf2 Kh5 30. Kg3 Rd3 31. Re2 g5 32. Kh3 f5 33. Kg3 Kg6 34.
h4 h5 35. a4 e4 36. f4 g4 37. axb5 axb5 38. Kf2 Kf6 39. Ke1 Ke6 40. Rc2 Kd5 41.
Ke2 Kc4 42. b3+ Kxb3 43. Rc1 Rxc3 44. Rd1 Rd3 45. Rc1 Rd5 46. Rc6 b4 47. Rh6
Kc2 48. Rxh5 Rd2+ 49. Ke1 b3 50. Rxf5 b2 51. Rc5+ Kd3 52. Rb5 Rh2 53. h5 b1=Q+
54. Rxb1 Rh1+ 55. Kf2 Rxb1 56. h6 Rb7 57. Kg3 Kxe3 58. Kxg4 Rh7 59. Kg5 Rxh6
1-0

[Event "Stuttgarter Stadtmeisterschaft 2010 B"]
[Site "Ditzingen"]
[Date "2010.05.16"]
[Round "7.40"]
[White "Moll, Nino"]
[Black "Kruck, Mathias"]
[Result "1/2-1/2"]
[WhiteElo "1336"]
[BlackElo "1638"]
[PlyCount "102"]
[EventDate "2010.??.??"]

1. e4 c5 2. Nf3 Nc6 3. d4 cxd4 4. Nxd4 Nf6 5. Nxc6 bxc6 6. Nc3 Qc7 7. Qf3 g6 8.
Bf4 d6 9. Bd3 Bg7 10. O-O O-O 11. Rfe1 e5 12. Bd2 Be6 13. Qe2 Rab8 14. Nd1 a5
15. b3 Nd7 16. Rb1 Nc5 17. c4 Nxd3 18. Qxd3 c5 19. Nc3 Rfd8 20. Nd5 Bxd5 21.
Qxd5 Rd7 22. Bc1 Qb7 23. Bd2 Qxd5 24. exd5 Ra7 25. Re3 f5 26. Bc3 a4 27. Re2
axb3 28. axb3 Rab7 29. Reb2 e4 30. Bxg7 Kxg7 31. Kf1 Kf6 32. Ke2 Ke5 33. g3 g5
34. f3 exf3+ 35. Kxf3 Kd4 36. h4 h6 37. hxg5 hxg5 38. g4 f4 39. Rd1+ Kc3 40.
Rdd2 Rxb3 41. Rdc2+ Kd4+ 42. Rxb3 Rxb3+ 43. Kf2 Rc3 44. Rxc3 Kxc3 45. Ke2 Kxc4
46. Kd2 Kxd5 47. Kd3 c4+ 48. Kd2 f3 49. Ke3 f2 50. Ke2 c3 51. Ke3 f1=Q 1/2-1/2

[Event "Stuttgarter Stadtmeisterschaft 2010 B"]
[Site "Ditzingen"]
[Date "2010.05.16"]
[Round "7.41"]
[White "Grözinger, Werner"]
[Black "Awiszus, Thomas"]
[Result "1-0"]
[WhiteElo "1340"]
[BlackElo "1543"]
[WhiteTeam "SV Stuttgart-Wolfbusch 1956 e.V."]
[BlackTeam "SV Fellbach"]
[PlyCount "47"]
[EventDate "2010.??.??"]

1. c4 Nf6 2. Nf3 d5 3. e3 e6 4. a3 Be7 5. Nc3 O-O 6. d4 Nbd7 7. Be2 dxc4 8.
Bxc4 Nb6 9. Bd3 Bd7 10. O-O c5 11. dxc5 Bxc5 12. b4 Be7 13. Bb2 Bc6 14. Nd4 Bd7
15. Rc1 Rc8 16. Qf3 Bc6 17. Nxc6 Rxc6 18. Rfd1 Qb8 19. Ne4 Nbd5 20. Rxc6 bxc6
21. Nxf6+ Nxf6 22. Qxc6 Rc8 23. Qf3 Bd6 24. Qh3 1-0

[Event "Stuttgarter Stadtmeisterschaft 2010 B"]
[Site "Ditzingen"]
[Date "2010.05.16"]
[Round "7.42"]
[White "Burkhardt, Adrian"]
[Black "Grüneschild, Hildegard"]
[Result "0-1"]
[WhiteElo "1436"]
[BlackElo "1663"]
[PlyCount "120"]
[EventDate "2010.??.??"]

1. e4 c5 2. Nf3 d6 3. c3 Nf6 4. Bb5+ Bd7 5. Bxd7+ Qxd7 6. d3 Nc6 7. O-O g6 8.
Qb3 Bg7 9. Re1 O-O 10. d4 cxd4 11. cxd4 Na5 12. Qc2 Rac8 13. Qd3 e6 14. Bd2 Nc4
15. b3 Nxd2 16. Nbxd2 b5 17. Rac1 a6 18. Nb1 Rc7 19. Nc3 Rfc8 20. Ne2 Bh6 21.
Rxc7 Rxc7 22. Nc3 Nh5 23. g3 Qc6 24. Nb1 Qc2 25. Qxc2 Rxc2 26. a3 a5 27. Rd1
Nf6 28. Nfd2 d5 29. e5 Ne4 30. f4 Nc3 31. Nxc3 Rxc3 32. Kf2 Bf8 33. a4 bxa4 34.
bxa4 Ra3 35. Rb1 Bb4 36. Nb3 Rxa4 37. Ra1 Rxa1 38. Nxa1 a4 39. Nc2 Bc3 40. Ke2
Bb2 41. Kd3 a3 42. Nb4 Kf8 43. h3 Ke7 44. g4 Kd7 45. h4 Kc7 46. Ke3 Kb6 47. f5
Kb5 48. fxe6 fxe6 49. Nc2 Kc4 50. Kf4 a2 51. Kg5 Bxd4 52. Kh6 Bxe5 53. Kxh7
a1=Q 54. Nxa1 Bxa1 55. Kxg6 d4 56. h5 d3 57. h6 d2 58. g5 d1=Q 59. Kh7 Qd3+ 60.
g6 Qf5 0-1

[Event "Stuttgarter Stadtmeisterschaft 2010 B"]
[Site "Ditzingen"]
[Date "2010.05.16"]
[Round "7.43"]
[White "Mager, Denis"]
[Black "Schmidt, Tobias"]
[Result "1-0"]
[WhiteElo "1538"]
[BlackElo "1537"]
[PlyCount "179"]
[EventDate "2010.??.??"]

1. Nf3 d5 2. d4 Nf6 3. Bf4 e6 4. Nbd2 Be7 5. e3 O-O 6. Bd3 Nbd7 7. c4 dxc4 8.
Bxc4 a6 9. O-O b5 10. Bb3 c5 11. Ne5 Bb7 12. Ndf3 h6 13. h3 Rc8 14. Rc1 Be4 15.
Bc2 Bxc2 16. Rxc2 Nxe5 17. Bxe5 c4 18. Nd2 Bd6 19. Nf3 Nd5 20. a3 Ne7 21. e4
Ng6 22. Bxd6 Qxd6 23. g3 Rfd8 24. Qd2 Qc6 25. Qe3 Rd6 26. Rd1 Qb7 27. Rdc1 Rdd8
28. h4 a5 29. Nd2 Kf8 30. Rd1 Qb6 31. Nf3 Qb7 32. Rdc1 Kg8 33. h5 Ne7 34. a4
bxa4 35. Ne5 Qb6 36. Rxc4 Qxb2 37. Qc3 Qxc3 38. R1xc3 Kf8 39. Kf1 Ke8 40. Ke2
f6 41. Nf3 Kd7 42. Kd3 Rxc4 43. Rxc4 Rc8 44. Rxa4 Ra8 45. Nd2 Kc6 46. Kc4 Nc8
47. Kc3 Kb5 48. Ra1 Nd6 49. Rb1+ Kc6 50. f3 Nf7 51. Kd3 Nd6 52. Rc1+ Kb6 53.
Nb3 Nb5 54. Nc5 Nc7 55. Rb1+ Kc6 56. Rc1 Kb6 57. Na4+ Kb7 58. Rb1+ Kc6 59. Rb6+
Kd7 60. Nc5+ Ke7 61. Rb7 Kd6 62. Rb6+ Ke7 63. Kc3 f5 64. Kb3 fxe4 65. fxe4 Rc8
66. e5 Rf8 67. Rb7 Rf3+ 68. Ka4 Kd8 69. Rb8+ Ke7 70. Rb7 Kd8 71. Kxa5 Rxg3 72.
Kb6 Nd5+ 73. Kc6 Rc3 74. Kd6 Kc8 75. Rxg7 Kb8 76. Nxe6 Nb4 77. Nc5 Rc4 78. Nd7+
Kb7 79. Nc5+ Kb8 80. Rg8+ Ka7 81. Rg4 Kb6 82. e6 Nc6 83. Nd7+ Kb7 84. Ne5 Nxe5
85. Kxe5 Rc8 86. Rg7+ Kc6 87. d5+ Kc5 88. d6 Kc6 89. d7 Rd8 90. e7 1-0

[Event "Stuttgarter Stadtmeisterschaft 2010 B"]
[Site "Ditzingen"]
[Date "2010.05.16"]
[Round "7.44"]
[White "Kalwei, Reinhard"]
[Black "Trobonjaca, Milos"]
[Result "0-1"]
[WhiteElo "1319"]
[BlackElo "1658"]
[PlyCount "64"]
[EventDate "2010.??.??"]

1. e4 c5 2. c3 Nc6 3. Nf3 a6 4. d4 cxd4 5. cxd4 d5 6. Nc3 dxe4 7. Nxe4 e6 8.
Be2 Qd5 9. Nc3 Qd8 10. O-O h6 11. Be3 Nf6 12. h3 Be7 13. a3 O-O 14. Bc4 Na5 15.
Ba2 b5 16. Qc2 Bb7 17. Nh2 Qc7 18. Rac1 Bd6 19. Ng4 Nxg4 20. hxg4 Qe7 21. Bb1
f5 22. f4 Nc4 23. Qf2 Rae8 24. Rce1 Nxe3 25. Rxe3 Qf6 26. gxf5 exf5 27. Ba2+
Kh8 28. Rxe8 Rxe8 29. Bd5 Bc8 30. Bc6 Rf8 31. d5 Qe7 32. g3 Bc5 0-1

[Event "Stuttgarter Stadtmeisterschaft 2010 B"]
[Site "Ditzingen"]
[Date "2010.05.16"]
[Round "7.45"]
[White "Winkler, Alex"]
[Black "Obermeier, Carl"]
[Result "1-0"]
[WhiteElo "1347"]
[BlackElo "1392"]
[PlyCount "67"]
[EventDate "2010.??.??"]

1. e4 b6 2. Nf3 Bb7 3. Nc3 e6 4. d4 Bb4 5. d5 Nf6 6. Bg5 h6 7. Bxf6 Qxf6 8. e5
Qd8 9. dxe6 fxe6 10. Bd3 O-O 11. Qe2 Bxc3+ 12. bxc3 d6 13. Nd4 Re8 14. Bg6 Bxg2
15. Rg1 dxe5 16. Rxg2 exd4 17. Bxe8 Qxe8 18. Qe5 Qf7 19. Qxd4 Nd7 20. O-O-O Nf6
21. Rdg1 Re8 22. Rxg7+ Qxg7 23. Rxg7+ Kxg7 24. Qa4 a5 25. Qc6 Re7 26. c4 Kf7
27. c5 Nd5 28. c4 Nb4 29. Qf3+ Kg7 30. a3 bxc5 31. axb4 cxb4 32. Qg3+ Kf7 33.
Qf4+ Kg7 34. Qe5+ 1-0